00381nam a2200181Ia 4500003000900000008004100009040001300050040001300063041000800076100001700084245002900101250001200130260002100142260000900163300001100172300001000183490000600193IT-RoPAU120407s9999 xx 000 0 und d aIT-RoPAU cIT-RoPAU aeng aJosef Pieper aWas heikt philophieren?  aMunchen aEgner - Bucherei c1948 a114 p. c20 cm v1